RICS homebuyer report (Record no. 111605)

MARC details
000 -LEADER
fixed length control field 03078cad a22003855a 4500
001 - CONTROL NUMBER
control field E151763
008 - FIXED-LENGTH DATA ELEMENTS--GENERAL INFORMATION
fixed length control field 101207s2010 xxk 000 0 eng u
020 1# - INTERNATIONAL STANDARD BOOK NUMBER
International Standard Book Number 9781842194591
035 ## - SYSTEM CONTROL NUMBER
System control number (Sirsi) u151763
041 0# - LANGUAGE CODE
Language code of text/sound track or separate title eng
050 04 - LIBRARY OF CONGRESS CALL NUMBER
Classification number 333.332 $2 18
110 2# - MAIN ENTRY--CORPORATE NAME
Corporate name or jurisdiction name as entry element Royal Institution of Chartered Surveyors
9 (RLIN) 4900
245 00 - TITLE STATEMENT
Title RICS homebuyer report
Remainder of title England, Wales, Northern Ireland, Channel Islands and Isle of Man, RICS practice note
Medium [archived]
250 ## - EDITION STATEMENT
Edition statement 4th ed.
260 ## - PUBLICATION, DISTRIBUTION, ETC.
Place of publication, distribution, etc. Coventry
Name of publisher, distributor, etc. RICS
Date of publication, distribution, etc. 2010
300 ## - PHYSICAL DESCRIPTION
Extent iv, 84p.
Dimensions 30cm.
490 #0 - SERIES STATEMENT
Series statement RICS Practice Notes
505 2# - FORMATTED CONTENTS NOTE
Formatted contents note Status of this practice notes -- Introduction -- Part A, the practice notes: professional obligations; requirements and scope of the RICS HomeBuyer Service; the contract; compiling the report, commentary and guidance -- Part B, the documentation: RICS Home Surveys Information Sheet; commentary on particular elements of the Description of the RICS HomeBuyer Service; description of the RICS HomeBuyer Service with the standard terms of engagement; ; leasehold properties advice; maintenance tips -- Part C, the report form and checklists: introduction to the report; about the inspection; overall opinion and summary of the condition ratings; about the property; outside the property; inside the property; services; grounds (including shared areas for flats); issues for your legal advisers; risks; valuation; surveyor's declaration; what to do now; description of the RICS HomeBuyer Service; typical house diagram -- Part D: appendices
520 ## - SUMMARY, ETC.
Summary, etc. An updated practice note to accompany the 2010 HomeBuyer Report. The 4th edition of the practice notes includes: the practice notes; the report documentation, including information on choosing between surveys, a description of the RICS HomeBuyer Report Service and Standard Terms of Engagement, and leasehold properties advice; and the report form and checklists. Under the terms of UK Practice statement (UKPS) 4.1 in the 6th edition of the RICS Valuation Standards (the "Red Book"), surveyors accepting instructions to provide reports under the RICS HomeBuyer Service must comply with the conditions set out in this practice note. The practice notes is written to reflect the property law in England, Wales, Northern Ireland, the Channel Islands and the Isle of Man.
520 ## - SUMMARY, ETC.
Summary, etc. For a sample copy of the HBR report, see E147101.
520 ## - SUMMARY, ETC.
Summary, etc. Supersedes 3rd edition (ISBN 9781842194591).
520 ## - SUMMARY, ETC.
Summary, etc. Archived 22 July 2016 Superseded by 5th edition ISBN 978178321152 (Practice statement)
521 ## - TARGET AUDIENCE NOTE
Target audience note Advanced
590 ## - LOCAL NOTE (RLIN)
Local note KA
650 24 - SUBJECT ADDED ENTRY--TOPICAL TERM
Topical term or geographic name entry element HOMEBUYERS REPORT
650 24 - SUBJECT ADDED ENTRY--TOPICAL TERM
Topical term or geographic name entry element RICS VALUATION STANDARDS
651 #4 - SUBJECT ADDED ENTRY--GEOGRAPHIC NAME
Geographic name England
Chronological subdivision 886-
651 #4 - SUBJECT ADDED ENTRY--GEOGRAPHIC NAME
Geographic name Wales
Chronological subdivision 2007-
651 #4 - SUBJECT ADDED ENTRY--GEOGRAPHIC NAME
Geographic name Northern Ireland
Chronological subdivision 2007-
651 #4 - SUBJECT ADDED ENTRY--GEOGRAPHIC NAME
Geographic name Channel Islands
651 #4 - SUBJECT ADDED ENTRY--GEOGRAPHIC NAME
Geographic name Isle of Man
690 ## - LOCAL SUBJECT ADDED ENTRY--TOPICAL TERM (OCLC, RLIN)
Topical term or geographic name as entry element PROPERTY-RESIDENTIAL PROPERTY-RESIDENTIAL PROPERTY APPRAISAL AND VALUATION
856 41 - ELECTRONIC LOCATION AND ACCESS
Uniform Resource Identifier <a href="https://www.isurv.com/downloads/file/2649/archive_homebuyer_report_2010_practice_note">https://www.isurv.com/downloads/file/2649/archive_homebuyer_report_2010_practice_note</a>
Public note Archived on isurv (subscription required)
942 ## - ADDED ENTRY ELEMENTS (KOHA)
Suppress in OPAC 0
Source of classification or shelving scheme Dewey Decimal Classification
Holdings
Withdrawn status Lost status Source of classification or shelving scheme Damaged status Not for loan Home library Current library Shelving location Date acquired Total Checkouts Full call number Barcode Date last seen Copy number Price effective from Koha item type
    Dewey Decimal Classification     London London RICS Boxes 13/09/2011   RICS 2010/30 30075692 06/08/2019 5 06/08/2019 Archive
    Dewey Decimal Classification     London London RICS Boxes 04/04/2014   RICS 2010/30 30075742 06/08/2019 6 06/08/2019 Book
    Dewey Decimal Classification     London London RICS Boxes 04/04/2014   RICS 2010/30 30075741 06/08/2019 7 06/08/2019 Book
    Dewey Decimal Classification     Virtual Virtual Online 07/12/2010   isurv 151763-1001 25/05/2023 1 06/08/2019 Online material